00514 2200169 4500245003800000020002200038250001100060100001600071700001800087650002100105005001900126260007600145041001400221084001000235300009000245336000900335 aIni atau Itu ?cBarbara EnihText a978-623-118-170-1 aCet. 1 aBarbara Eni aSinggih Cahyo aCerita Bergambar a20240902135500 aJakartabKementerian Pendidikan, Kebudayaan, Riset, dan Teknologic2023 aIndonesia a741.5 aAndika New Basic 24/48, Delight Snowy, Cutesy, Braille. 92 hlm :b27,94 x 30,48 cm. ; atext